Posúdenie dodržiavania účtovných zásad a metód vo vybranej účtovnej jednotke bakalárska práca

Salvato in:
Dettagli Bibliografici
Autore principale: Užíková, Zuzana, 2000-
Ente Autore: Fakulta hospodárskej informatiky EU. Katedra účtovníctva a audítorstva
Altri autori: Krišková, Petra, 1981-
Natura: Libro
Lingua:slovacco
Pubblicazione: Bratislava 2022
Tags: Aggiungi Tag
Nessun Tag, puoi essere il primo ad aggiungerne!!

MARC

LEADER 00000nbm a2200000 4500
001 0286024
005 20230123150706.1
041 0 |a slo 
044 |a SK 
245 1 0 |a Posúdenie dodržiavania účtovných zásad a metód vo vybranej účtovnej jednotke  |b bakalárska práca  |c Zuzana Užíková ; školiteľ: Petra Krišková 
264 1 |a Bratislava  |c 2022 
300 |a 52 s. 
100 1 |a Užíková, Zuzana, 2000- 
700 1 |a Krišková, Petra, 1981- 
710 2 |a Fakulta hospodárskej informatiky EU. Katedra účtovníctva a audítorstva